200 most active Subreddits - Statistics

General Stats
  • This quiz has been taken 31 times
  • The average score is 24 of 176
Answer Stats
Answer % Correct
askreddit
67%
food
61%
funny
61%
news
61%
aww
56%
IAmA
56%
politics
56%
gaming
50%
music
50%
videos
50%
cats
44%
mildlyinfuriating
44%
movies
44%
nba
44%
pics
44%
foodporn
39%
games
39%
gifs
39%
mildlyinteresting
39%
science
39%
soccer
39%
worldnews
39%
askscience
33%
earthporn
33%
jokes
33%
nfl
33%
technology
33%
anime
28%
art
28%
canada
28%
fitness
28%
sex
28%
space
28%
teenagers
28%
todayilearned
28%
unitedkingdom
28%
apple
22%
askhistorians
22%
baseball
22%
cringe
22%
facepalm
22%
hiphopheads
22%
lifeprotips
22%
loseit
22%
mapporn
22%
nottheonion
22%
oldschoolcool
22%
pokemon
22%
programming
22%
WTF
22%
4chan
17%
australia
17%
breakingbad
17%
DIY
17%
explainlikeimfive
17%
formula1
17%
gameofthrones
17%
lifehacks
17%
mma
17%
wow
17%
adviceanimals
11%
bestof
11%
bitcoin
11%
creepy
11%
doctorwho
11%
guns
11%
harrypotter
11%
hockey
11%
itookapicture
11%
leagueoflegends
11%
makeupaddiction
11%
minecraft
11%
nosleep
11%
nostalgia
11%
reactiongifs
11%
roomporn
11%
skyrim
11%
startrek
11%
starwars
11%
trees
11%
TwoXChromosomes
11%
unexpected
11%
youshouldknow
11%
zelda
11%
android
6%
animalsbeingjerks
6%
atheism
6%
batman
6%
britishproblems
6%
carporn
6%
circlejerk
6%
comics
6%
conservative
6%
conspiracy
6%
cosplay
6%
cringepics
6%
DotA2
6%
fffffffuuuuuuuuuuuu
6%
frugal
6%
getmotivated
6%
historyporn
6%
lgbt
6%
libertarian
6%
Military
6%
MorbidReality
6%
motorcycles
6%
photoshopbattles
6%
progresspics
6%
tattoos
6%
tf2
6%
TrollXChromosomes
6%
tumblr
6%
abandonedporn
0%
adventuretime
0%
arresteddevelopment
0%
awwnime
0%
battlefield3
0%
bicycling
0%
comicbooks
0%
community
0%
corgi
0%
CrazyIdeas
0%
creepyPMs
0%
daftpunk
0%
darksouls
0%
DoesAnybodyElse
0%
drunk
0%
DunderMifflin
0%
Fallout
0%
fantheories
0%
fatpeoplestories
0%
fiftyfifty
0%
firstworldanarchists
0%
futurama
0%
gamegrumps
0%
gaybros
0%
geek
0%
HIMYM
0%
ImGoingToHellForThis
0%
JusticePorn
0%
KerbalSpaceProgram
0%
longboarding
0%
magicTCG
0%
masseffect
0%
MensRights
0%
mindcrack
0%
MURICA
0%
mylittlepony
0%
naruto
0%
offbeat
0%
onetruegod
0%
pareidolia
0%
perfecttiming
0%
pettyrevenge
0%
Planetside
0%
polandball
0%
prettygirls
0%
quotesporn
0%
rage
0%
random_acts_of_amazon
0%
redditlaqueristas
0%
roosterteeth
0%
squaredcircle
0%
starcraft
0%
TalesfromRetail
0%
techsupportgore
0%
thelastairbender
0%
TheSimpsons
0%
thewalkingdead
0%
toronto
0%
truereddit
0%
TumblrInAction
0%
wallpapers
0%
wheredidthesodago
0%
whoadude
0%
youtubehaiku
0%
No matching quizzes found
Score Distribution
Percent of People with Each Score
Percentile by Number Answered
Your Score History
You have not taken this quiz